[Event "ROM-ch U12 Girls"]
[Site "Calimanesti Caciulata"]
[Date "2016.04.24"]
[Round "8"]
[White "Bocanici, Denisa Elena"]
[Black "Paraschiv, Miruna Maria"]
[Result "0-1"]
[WhiteElo "1039"]
[BlackElo "1001"]
[PlyCount "117"]
[EventDate "2016.04.18"]
[EventType "swiss"]
[EventRounds "9"]
[EventCountry "ROU"]
[SourceTitle "EXT 2017"]
[Source "ChessBase"]
[SourceDate "2016.10.25"]
[SourceVersion "1"]
[SourceVersionDate "2016.10.25"]
[SourceQuality "1"]

1. d4 d5 2. c4 c6 3. c5 Nf6 4. Bf4 Bf5 5. Nc3 Nbd7 6. f3 e6 7. e3 Be7 8. Be5 b6 9. b4 0-0 10. Bd3 Bxd3 11. Qxd3 a5 12. b5 cxb5 13. Bxf6 Bxf6 14. cxb6 b4 15. Na4 Nxb6 16. Nxb6 Qxb6 17. Ne2 a4 18. 0-0 Rfc8 19. e4 b3 20. axb3 Qxb3 21. Qxb3 axb3 22. e5 Be7 23. Rab1 Rab8 24. f4 f6 25. Rf3 b2 26. Rc3 Rc4 27. Kf2 Ra4 28. Rc2 Ra2 29. Ke3 Ba3 30. Nc3 Ra1 31. Rcxb2 Rxb2 32. Rxb2 Bxb2 33. Ne2 f5 34. g3 h6 35. h4 Bc1+ 36. Kf2 Bd2 37. Kf3 Ra3+ 38. Kf2 Be3+ 39. Kf3 Bxd4+ 40. Kg2 Ra2 41. Kf3 Bb2 42. Ke3 Ra3+ 43. Kd2 d4 44. Kd1 d3 45. Nc1 Bxc1 46. Kxc1 Ra7 47. h5 Kf8 48. Kd1 Ke7 49. Ke1 Kd7 50. Kd1 Ke7 51. Ke1 Kd7 52. Kd1 Kc6 53. Kc1 Kc5 54. Kd1 Kc4 55. Ke1 Kc3 56. Kf1 d2 57. Ke2 Kc2 58. g4 d1Q+ 59. Ke3 0-1

[Event "ROM-ch U12 Girls"]
[Site "Calimanesti Caciulata"]
[Date "2016.04.22"]
[Round "6"]
[White "Bocanici, Denisa Elena"]
[Black "Bresug, Ariana Bianca"]
[Result "1/2-1/2"]
[WhiteElo "1039"]
[BlackElo "1146"]
[PlyCount "67"]
[EventDate "2016.04.18"]
[EventType "swiss"]
[EventRounds "9"]
[EventCountry "ROU"]
[SourceTitle "CBM 172 Extra"]
[Source "ChessBase"]
[SourceDate "2016.06.21"]
[SourceVersion "1"]
[SourceVersionDate "2016.06.21"]
[SourceQuality "1"]

1. c4 e5 2. Nc3 Bc5 3. e3 Nf6 4. Nf3 d6 5. d4 exd4 6. exd4 Bb4 7. Bd2 h6 8. a3 Bxc3 9. Bxc3 Bg4 10. Be2 Qe7 11. 0-0 0-0 12. Re1 Nc6 13. d5 Nb8 14. Qb3 b6 15. Qc2 Nbd7 16. h3 Bh5 17. g4 Bg6 18. Bd3 Bxd3 19. Qxd3 Qd8 20. Kh2 Re8 21. Kg2 Nc5 22. Qc2 Nh7 23. b4 Na6 24. Bd4 Ng5 25. Qc3 f6 26. Rh1 Nxf3 27. Qxf3 Qe7 28. Qe3 Qxe3 29. Bxe3 Re4 30. Rac1 Rae8 31. Bd2 R4e5 32. Rhe1 Rxe1 33. Rxe1 Rxe1 34. Bxe1 1/2-1/2

[Event "ROM-ch U10 Girls"]
[Site "Calimanesti"]
[Date "2015.04.02"]
[Round "5"]
[White "Ciapa, Ioana Antonia"]
[Black "Bocanici, Denisa Elena"]
[Result "1-0"]
[WhiteElo "1062"]
[BlackElo "1001"]
[PlyCount "99"]
[EventDate "2015.03.30"]
[EventType "swiss"]
[EventRounds "9"]
[EventCountry "ROU"]
[SourceTitle "CBM 165 Extra"]
[Source "ChessBase"]
[SourceDate "2015.04.21"]
[SourceVersion "1"]
[SourceVersionDate "2015.04.21"]
[SourceQuality "1"]

1. e4 e5 2. Nf3 Nc6 3. Bc4 Nf6 4. Ng5 d5 5. exd5 Nxd5 6. d3 Na5 7. Bxd5 Qxd5 8. 0-0 Nc6 9. Nc3 Qd7 10. Nf3 a6 11. Qe2 Be7 12. Nxe5 Nxe5 13. Qxe5 0-0 14. Qg3 Bd6 15. Qf3 Qc6 16. Qxc6 bxc6 17. Bd2 Be6 18. Ne4 Be5 19. c3 Bf5 20. f3 Bxe4 21. fxe4 f6 22. Bf4 Bxf4 23. Rxf4 g5 24. Rf5 Rfd8 25. d4 Kf7 26. e5 h6 27. Rxf6+ Ke7 28. Rxc6 Kd7 29. Rxh6 Rh8 30. Rxh8 Rxh8 31. Rf1 Re8 32. Rf6 Ke7 33. Rxa6 Kd8 34. Ra8+ Kd7 35. Rxe8 Kxe8 36. a4 Kd8 37. a5 Kc8 38. a6 Kb8 39. e6 Ka7 40. e7 Kxa6 41. e8Q Kb6 42. d5 g4 43. Qc6+ Ka7 44. d6 cxd6 45. b4 d5 46. b5 Kb8 47. b6 d4 48. b7 dxc3 49. Qc8+ Ka7 50. b8Q# 1-0